000 00376 a2200169 4500
001 50007
020 _a8576661659
040 _cAnchieta - Bela Vista
100 _aSouza, Shirley
240 1 0 _aEu quero! eu quero!
_lpor
245 1 0 _aEu quero! eu quero!
300 _a24
362 0 _a2005
440 1 _aEscala Educacional
650 4 _aLiteratura infantil
942 _cBK
999 _c50007
_d50007